Networks and chaos : statistical and probabilistic aspects

Αποθηκεύτηκε σε:
Λεπτομέρειες βιβλιογραφικής εγγραφής
Άλλοι συγγραφείς: Barndorff-Nielsen, O. E. (Ole E.) (Επιμελητής έκδοσης), Jensen, J. L. (Jens Ledet) (Επιμελητής έκδοσης), Kendall, W. S. (Επιμελητής έκδοσης)
Μορφή: Βιβλίο
Γλώσσα:English
Δημοσίευση: London : Chapman & Hall, c1993.
Σειρά:Monographs on statistics and applied probability ; 50
Θέματα:
Ετικέτες: Προσθήκη ετικέτας
Δεν υπάρχουν, Καταχωρήστε ετικέτα πρώτοι!

MARC

LEADER 00000cam a2200000 i 4500
001 1/1581
008 000417s1993 enk| ||| |||| ||eng||
020 |a 0412465302 
035 |l 10060072 
040 |a GR-MyUa  |b gre  |e AACR2 
041 0 |a eng 
082 7 |a 515.352   |2 (22) 
245 0 0 |a Networks and chaos :   |b statistical and probabilistic aspects /   |c edited by O.E. Barndorff-Nielsen, J.L. Jensen and W.S. Kendall.  
260 |a London :   |b Chapman & Hall,   |c c1993.  
300 |a vii, 307 σ. :   |b εικ. ;   |c 23 εκ.  
490 1 |a (Monographs on statistics and applied probability ;   |v 50) 
500 |a Revised versions of most of the papers given at the First Seminaire European de Statistique on Chaos and Neural Networks and at the subsequent study institute on other types of networks, held at Sandbjerg/Aarhus University from April to May 1992. 
504 |a Περιέχει βιβλιογραφικές αναφορές και ευρετήριο.  
650 0 0 |a Differentiable dynamical systems  |x Statistical methods  |x Congresses. 
650 0 0 |a Neural networks (Computer science)  |x Statistical methods  |x Congresses. 
650 0 0 |a Chaotic behavior in systems  |x Statistical methods  |x Congresses. 
700 1 |a Barndorff-Nielsen, O. E.   |q (Ole E.)  |e edt 
700 1 |a Jensen, J. L.   |q (Jens Ledet)  |e edt 
700 1 |a Kendall, W. S.  |e edt 
830 0 |a Monographs on statistics and applied probability ;  |v 50 
852 |a INST  |b SAMOS  |e 20000417  |h 515.352 NET  |p 005300017699  |q 005300017699  |t BK  |y 0 
901 |a BIBL3-2000-2 
922 |a 3ΕΛΗ  |b 200003  |c ΚΠΣ  |d ΠΑΠΑΣΩΤΗΡΙΟΥ 
950 |a 116-2000-01-12  
970 |a ΓΕΝΟΥΖΟΥ  |b ΧΡΥΣΑΝΘΗ  |z 2000/05/12